00751nam a2200229 a 4500001001300000003000900013005001700022008004100039020001000080082002100090100001900111245009700130260004800227300000900275500003500284650003100319700001900350902000800369942000700377952012200384999001500506nice12345678IN_TiNIC20260116012817.0050524s1985 hara grp 000 0 eng  ac18000a305.6945097bSAT aSatyaprakash,  aMualima in Indiab A Bibliography of Their Religious Socio-Economic and Political Literature aHaryanabIndian Documentation Servicec1985 a279p aincludes index and biblioraphy aMuslims-India-Bibliography1 aSatyaprakash,  bSRS cBK 001040708StackRoom-aHMIbHMId2007-12-07g180.00l0o305.6945097 SATp012567r2007-12-07v180.00w2005-05-24yBK c8472d8472